Club Brugge Squad 2025-2026 - Statistics

General Stats
  • This quiz has been taken 81 times
    11 since last reset
  • The average score is 25 of 32
Answer Stats
# Position Nation Player % Correct
25 MF Serbia Aleksandar Stanković
100%
14 DF Netherlands Bjorn Meijer
100%
9 FW Portugal Carlos Forbs
100%
8 FW Greece Christos Tzolis
100%
80 MF France Félix Lemaréchal
100%
20 MF Belgium Hans Vanaken
100%
41 DF Belgium Hugo Siquet
100%
65 DF Belgium Joaquin Seys
100%
4 DF Ecuador Joel Ordóñez
100%
64 DF Belgium Kyriani Sabbe
100%
6 MF Netherlands Ludovit Reis
100%
67 FW France Mamadou Diakhon
100%
7 FW Germany Nicolò Tresoldi
100%
17 FW Belgium Romeo Vermant
100%
84 FW South Africa Shandre Campbell
100%
29 GK Belgium Nordin Jackers
80%
15 MF Nigeria Raphael Onyedika
80%
22 GK Belgium Simon Mignolet
80%
70 MF Spain Alejandro Granados
60%
44 DF Belgium Brandon Mechele
60%
11 MF Belgium Cisse Sandra
60%
16 GK Netherlands Dani van den Heuvel
60%
19 FW Sweden Gustaf Nilsson
60%
10 MF Norway Hugo Vetlesen
60%
- Coach Croatia Ivan Leko
60%
58 DF Belgium Jorne Spileers
60%
62 MF Belgium Lynnt Audoor
60%
- Coach Belgium Nicky Hayen
60%
24 DF Nigeria Vince Osuji
60%
2 DF Argentina Zaid Romero
60%
71 GK Belgium Axl De Corte
40%
87 FW Belgium Kaye Furo
20%
No matching quizzes found
Score Distribution
Percent of People with Each Score
Percentile by Number Answered
Your Score History
You have not taken this quiz since the last reset